00804nam a2200217 a 4500003000700000005001700007008004100024040003800065050002100103110004700124245010600171260006200277300002900339336002800368337003000396338002700426500001700453650003200470650004400502650004000546CBULib20240229142921.0131211s2013 ||||||||||||||||| || u aCBULibcEngdCBULiberdabEnglish aGOV.ZAM(058)2013 aGovernment of the Republic of Zambia (GRZ)10aMillennium development goals: progress report, Zambiac/by Government of the Republic of Zambia [GRZ] aLusaka:bGovernment of the Republic of Zambia (GRZ)c2013 a60 pages.: illustrations 2rdacontentaText |btxt 2rdamediaaUnmediated |bn 2rdacarrieraVolumebnc aBibliography 0aAFRICA--ECONOMIC CONDITIONS aMILLENIUM DEVELOPMENT GOALS--STATISTICS aMILLENIUM DEVELOPMENT GOALS--ZAMBIA